Finland, 1939-1940 / (Record no. 187396)
[ view plain ]
| 000 -LEADER | |
|---|---|
| fixed length control field | 00869 a2200217 4500 |
| 003 - CONTROL NUMBER IDENTIFIER | |
| control field | Nust |
| 005 - DATE AND TIME OF LATEST TRANSACTION | |
| control field | 20230203103133.0 |
| 010 ## - LIBRARY OF CONGRESS CONTROL NUMBER | |
| LC control number | 79052235 |
| 020 ## - INTERNATIONAL STANDARD BOOK NUMBER | |
| International Standard Book Number | 0874131561 : |
| 040 ## - CATALOGING SOURCE | |
| Transcribing agency | Nust |
| 082 00 - DEWEY DECIMAL CLASSIFICATION NUMBER | |
| Classification number | 948.97,UPT |
| 100 1# - MAIN ENTRY--PERSONAL NAME | |
| Personal name | Upton, Anthony F. |
| 9 (RLIN) | 49131 |
| 245 10 - TITLE STATEMENT | |
| Title | Finland, 1939-1940 / |
| Statement of responsibility, etc. | Anthony F. Upton. |
| 250 ## - EDITION STATEMENT | |
| Edition statement | 1st American ed. |
| 260 ## - PUBLICATION, DISTRIBUTION, ETC. | |
| Place of publication, distribution, etc. | Newark : |
| Name of publisher, distributor, etc. | University of Delaware Press, |
| Date of publication, distribution, etc. | 1979, c1974. |
| 300 ## - PHYSICAL DESCRIPTION | |
| Extent | 174 p. : |
| Other physical details | maps ; |
| Dimensions | 22 cm. |
| 490 0# - SERIES STATEMENT | |
| Series statement | The Politics and strategy of the Second World War |
| 505 ## - FORMATTED CONTENTS NOTE | |
| Formatted contents note | The Background To The Crises Of 1939 (Page-11), From Diplomacy To War, October-November 1939 (Page-25), The Russo-Finnish War, Phase One-The Russian Failure (Page-51), The Russo-Finnish War, Phase Two-The Russian Failure (Page-92), The Consequences (Page-149). |
| 650 #0 - SUBJECT ADDED ENTRY--TOPICAL TERM | |
| Topical term or geographic name entry element | Russo-Finnish War, 1939-1940. |
| 9 (RLIN) | 49067 |
| 942 ## - ADDED ENTRY ELEMENTS (KOHA) | |
| Source of classification or shelving scheme | |
| Koha item type | Book |
| Withdrawn status | Lost status | Source of classification or shelving scheme | Damaged status | Not for loan | Permanent Location | Current Location | Shelving location | Date acquired | Full call number | Barcode | Date last seen | Price effective from | Koha item type | Public note |
|---|---|---|---|---|---|---|---|---|---|---|---|---|---|---|
| Military College of Signals (MCS) | Military College of Signals (MCS) | General Stacks | 12/12/2016 | 948.97,UPT | MCS21859 | 12/08/2016 | 12/12/2016 | Book | Almirah No.61, Shelf No.1 |
